Normal view
MARC view
- The Law Society of England and Wales
Entry Corporate Name
001 - CONTROL NUMBER
- control field: 5009
003 - CONTROL NUMBER IDENTIFIER
- control field: SIRSI
005 - DATE AND TIME OF LATEST TRANSACTION
- control field: 20190806150239.0
008 - FIXED-LENGTH DATA ELEMENTS
- fixed length control field: 060811n| aaannaabn |n ana d
040 ## - CATALOGING SOURCE
- Original cataloging agency: OSt
- Transcribing agency: OSt
110 2# - HEADING--CORPORATE NAME
- Corporate name or jurisdiction name as entry element: The Law Society of England and Wales
- Subordinate unit: Planning and Environment Law Committee
670 ## - SOURCE DATA FOUND
- Source citation: Planning obligation by deed of agreement under Section 106 of the Town and Country Planning Act 1990, 2006